International economic survey (Record no. 4741)

MARC details
000 -CABECERA
campo de control de longitud fija 00563nam a2200205 a 4500
001 - NÚMERO DE CONTROL
campo de control BRCA_5047
005 - FECHA Y HORA DE LA ÚLTIMA TRANSACCIÓN
campo de control 20190320204923.0
008 - DATOS DE LONGITUD FIJA--INFORMACIÓN GENERAL
campo de control de longitud fija 901003s1954####nyu#######---#000-0#eng-#
041 ## - CÓDIGO DE LENGUA
Código de lengua del texto/banda sonora o título independiente eng
044 ## - CÓDIGO DEL PAÍS DE LA ENTIDAD EDITORA/PRODUCTORA
Código MARC del país nyu
050 #4 - SIGNATURA TOPOGRÁFICA DE LA BIBLIOTECA DEL CONGRESO
Número de clasificación HC10
Número de documento/Ítem .C44 1954
245 10 - MENCIÓN DE TÍTULO
Título International economic survey
Resto del título México.
260 ## - PUBLICACIÓN, DISTRIBUCIÓN, ETC.
Lugar de publicación, distribución, etc. Nueva York
Nombre del editor, distribuidor, etc. Chemical Corn Exchange Bank
Fecha de publicación, distribución, etc. 1954
300 ## - DESCRIPCIÓN FÍSICA
Extensión 10 p.
Dimensiones 24 cm.
500 ## - NOTA GENERAL
Nota general Boletín inventariado por Banco de México como libro
500 ## - NOTA GENERAL
Nota general DD23
650 14 - PUNTO DE ACCESO ADICIONAL DE MATERIA--TÉRMINO DE MATERIA
Término de materia o nombre geográfico como elemento de entrada Historia económica
Subdivisión cronológica México
9 (RLIN) 12885
902 ## - CATALOGADOR
Iniciales GFM
942 ## - ELEMENTOS DE PUNTO DE ACCESO ADICIONAL (KOHA)
Fuente del sistema de clasificación o colocación Library of Congress Classification
Tipo de ítem Koha Libros
Holdings
Estado de retiro Estado de pérdida Estado dañado No para préstamo Localización permanente Ubicación/localización actual Fecha de adquisición Número de inventario Total de préstamos Signatura topográfica completa Código de barras Fecha visto por última vez Precio válido a partir de Tipo de ítem Koha
El ejemplar forma parte de la colección y puede ser consultado según las políticas vigentes.       Biblioteca del Museo Franz Mayer (Rogerio Casas-Alatriste) Biblioteca del Museo Franz Mayer (Rogerio Casas-Alatriste) 05/11/2010 DD23   HC10 .C44 1954 (DD23) 5159 22/03/2019 22/03/2019 Libros